[Event "Madrid"]
[Site "Madrid"]
[Date "1992.??.??"]
[Round "9"]
[White "Karpov, Anatoly"]
[Black "Yudasin, Leonid"]
[Result "1/2-1/2"]
[WhiteElo "2725"]
[BlackElo "2580"]
[Annotator "Ftacnik,Lubomir"]
[PlyCount "124"]
[EventDate "1992.05.??"]
[EventType "tourn"]
[EventRounds "9"]
[EventCountry "ESP"]
[EventCategory "13"]
[SourceTitle "CBM 030"]
[Source "ChessBase"]
[SourceDate "1992.10.01"]
[SourceVersion "1"]
[SourceVersionDate "1992.10.01"]
[SourceQuality "1"]

1. d4 Nf6 2. c4 e6 3. Nf3 d5 4. Nc3 dxc4 5. Qa4+ c6 6. Qxc4 b5 7. Qd3 Ba6 8. Ne4 (8. Qc2 Qa5 9. Bd2 b4 10. Ne4 Nbd7 11. Qxc6 Rb8 12. e3 Bxf1 13. Nxf6+ gxf6 14. Kxf1 Qf5 15. e4 Qb5+ 16. Qxb5 Rxb5 17. Rc1 $18 {Portisch,L-Lukacs,P/HUN-ch/1991/}) 8... Qa5+ (8... Be7 9. Bd2 Nbd7 10. Nxf6+ Bxf6 11. e4 O-O 12. e5 Be7 13. Qe4 c5 14. Bd3 g6 15. h4 cxd4 16. b4 Qb8 $15 {Baragar,F-Pinter,J/Zagreb izt/1987/}) 9. Bd2 b4 10. Nxf6+ gxf6 11. Qc2 Be7 $146 ({RR} 11... Nd7 12. Qxc6 Rc8 13. Qe4 f5 14. Qb1 Qd5 15. e3 Bxf1 16. Kxf1 Qb5+ 17. Kg1 Nf6 18. Qf1 Qb7 19. Rc1 Rxc1 20. Qxc1 Bd6 21. Qc4 Rg8 22. Kf1 Ne4 23. d5 exd5 24. Qd3 Kf8 25. Be1 d4 26. exd4 {Cherepov,A (2249)-Bugalski,M (2267) Gdansk 2007 0-1 (39)}) ({RR} 11... Bb5 12. g3 Nd7 13. Bg2 Rc8 14. O-O Qa6 15. Rfe1 c5 16. Rac1 c4 17. d5 e5 18. Nh4 Bc5 19. Bh6 Bf8 20. Bxf8 Nxf8 21. Qd2 Ng6 22. Nf5 Bd7 23. e4 Qb6 24. Ne3 c3 25. bxc3 bxc3 26. Rxc3 {Tregubov,P (2615)-Sharma,D (2337) Ubeda 2000 1-0 (42)}) 12. a3 Qb6 (12... O-O 13. Qb3 c5 14. dxc5 Bxc5 15. Bxb4 Bxb4+ 16. Qxb4 Qxb4+ 17. axb4 $16) 13. Bxb4 Bxb4+ 14. axb4 Qxb4+ 15. Qc3 Qxc3+ 16. bxc3 Ke7 $1 (16... O-O 17. Kd2 Rd8 18. e3 $14) 17. Kd2 c5 18. e3 Bxf1 19. Rhxf1 cxd4 20. cxd4 Nd7 21. Rfb1 (21. Ra6 Rhb8 22. Rfa1 Rb7 $14) 21... Rhb8 22. Rxb8 Nxb8 23. Ra5 Nc6 (23... a6 24. Kc3 Nc6 25. Ra4 a5 26. Nd2 $14) 24. Rc5 Rc8 (24... Kd6 25. Kc3 a5 26. Nd2 $14) 25. Ne1 Kd6 26. Rh5 Rh8 27. g4 Nb4 (27... a5 28. Nd3 a4 29. Nb2 Ra8 30. Nc4+ Ke7 31. Na3 $14) 28. Rb5 Nc6 29. Nd3 e5 30. d5 Rb8 $1 31. Rc5 (31. Rxb8 Nxb8 32. e4 a5 33. Nb2 Kc5 $14) 31... Nb4 32. e4 Nxd3 33. Rc6+ Ke7 34. Kxd3 Rb2 35. Ke3 Rb3+ 36. Ke2 a5 37. Rc7+ Ke8 38. Ra7 Rb4 39. Kd3 Rd4+ 40. Ke3 Ra4 41. h4 Ra3+ 42. Ke2 h5 $1 43. g5 (43. gxh5 Rh3 44. Rxa5 Rxh4 $14) 43... fxg5 44. hxg5 h4 45. d6 Ra2+ 46. Ke3 Ra3+ 47. Ke2 Ra2+ 48. Kf3 h3 49. Kg3 h2 $1 50. Ra8+ Kd7 51. Rh8 Kxd6 52. Rxh2 a4 53. Rh7 Ke6 54. Rh6+ Ke7 55. Ra6 a3 56. f3 Ra1 57. Kg4 a2 58. Kf5 Rf1 59. Rxa2 Rxf3+ 60. Kxe5 Rg3 61. Kf4 Rg1 62. Ra3 Ke6 {Ftacnik,L} 1/2-1/2

[Event "Tilburg Fontys"]
[Site "Tilburg"]
[Date "1996.10.12"]
[Round "2"]
[White "Karpov, Anatoly"]
[Black "Lautier, Joel"]
[Result "1-0"]
[WhiteElo "2775"]
[BlackElo "2620"]
[Annotator "Lutz,Christopher"]
[PlyCount "81"]
[EventDate "1996.10.11"]
[EventType "tourn"]
[EventRounds "11"]
[EventCountry "NED"]
[EventCategory "16"]
[SourceTitle "CBM 056"]
[Source "ChessBase"]
[SourceDate "1997.02.01"]
[SourceVersion "1"]
[SourceVersionDate "1997.02.01"]
[SourceQuality "1"]

1. d4 Nf6 2. c4 e6 3. Nf3 d5 4. Nc3 dxc4 5. Qa4+ c6 6. Qxc4 b5 7. Qd3 Nbd7 8. a3 $5 (8. Bg5 Bb7 9. e3 a6 10. Be2 c5 11. O-O Be7 12. Rfd1 O-O 13. dxc5 Nxc5 14. Qd4 Qxd4 15. Rxd4 Rfd8 16. Rad1 h6 17. Rxd8+ Rxd8 18. Bf4 Rxd1+ 19. Nxd1 Nd5 20. Bb8 Nb4 {½-½ Karpov,A-Timman,J/FIDE-Wch 1993}) 8... b4 9. axb4 Bxb4 10. e4 (10. g3 $5 a5 11. Bg2 Ba6 12. Qc2 c5 13. O-O Rc8 14. Rd1 { d4-d5} Bb7 15. dxc5 Qe7 16. Na4 O-O 17. Bd2 $14 {× a5; 0-1 Kaunas,K-Grabliauskas,V/LTU-ch Vilnius 1994 (92)}) 10... a5 (10... Bb7 $5 11. e5 Nd5 12. Be2 c5 13. O-O h6 14. Nb5 cxd4 15. Qxd4 Qb6 16. Qg4 g6 17. Nd6+ Bxd6 18. exd6 Qxd6 19. Rxa7 Rxa7 20. Qd4 h5 21. Qxa7 Qb6 22. Qa4 Ke7 23. Bb5 Ra8 24. Qh4+ Ke8 25. Bxd7+ Kxd7 26. Qg5 $40 {½-½ Kortschnoj,V-Novikov,I/Antwerp op 1995 (49)}) 11. e5 Nd5 12. Bd2 Ba6 13. Qe4 $146 ({RR} 13. Qc2 Bxf1 14. Kxf1 Bxc3 15. bxc3 c5 16. h4 cxd4 17. cxd4 Nb4 18. Qe4 Rc8 19. Qg4 Kf8 20. h5 h6 21. Rh3 Qc7 22. Rg3 Rh7 23. Bxh6 gxh6 24. Qg8+ Ke7 25. Qxh7 Nc2 26. Rg7 Rf8 27. Rd1 a4 {Jobava,B (2672)-Gaponenko,I (2408) Dubai 2016 1-0 (34)}) 13... Bxf1 14. Kxf1 Ne7 (14... h6 15. Qg4) 15. g3 c5 $6 (15... h6 $5 { ...0-0}) 16. d5 $1 $14 exd5 (16... Bxc3 17. dxe6 fxe6 (17... Bxd2 18. exd7+ $16) 18. Bxc3 $16 {[%csl Ra5,Rc5,Re6] × a5, c5, e6}) 17. Nxd5 Nxd5 18. Qxd5 O-O 19. Bg5 Qc8 20. Kg2 Nb6 21. Qe4 Qe6 22. Rhd1 f6 23. Bd2 Bxd2 $6 (23... Rad8 $5 $14) (23... fxe5 $5 $14) 24. Rxd2 Rae8 25. Rc2 Nd7 26. Rxa5 Qb6 (26... fxe5 27. Ng5 Qf5 28. Qxf5 Rxf5 29. Ne4 $16) 27. Qd5+ Kh8 28. exf6 $1 Qxf6 (28... Qxa5 29. fxg7+ Kxg7 30. Qxd7+ $18 { g5}) 29. Ra3 $18 Ne5 30. Re3 Nxf3 31. Rxf3 Qxf3+ 32. Qxf3 Rxf3 33. Kxf3 Rc8 34. Ke4 Kg8 35. Kd5 Rb8 36. Re2 Rc8 37. f4 Kf7 38. b3 Kf6 39. Kc4 g5 40. fxg5+ Kxg5 41. Re5+ 1-0

[Event "Tilburg"]
[Site "Tilburg"]
[Date "1991.??.??"]
[Round "10"]
[White "Karpov, Anatoly"]
[Black "Timman, Jan H"]
[Result "1-0"]
[WhiteElo "2730"]
[BlackElo "2630"]
[PlyCount "111"]
[EventDate "1991.10.??"]
[EventType "tourn"]
[EventRounds "14"]
[EventCountry "NED"]
[EventCategory "17"]
[SourceTitle "CBM 026"]
[Source "ChessBase"]
[SourceDate "1992.02.01"]
[SourceVersion "1"]
[SourceVersionDate "1992.02.01"]
[SourceQuality "1"]

1. d4 Nf6 2. c4 e6 3. Nf3 d5 4. Nc3 dxc4 5. Qa4+ c6 6. Qxc4 b5 7. Qb3 Nbd7 8. Bg5 Qa5 9. e3 ({RR} 9. Bxf6 Nxf6 10. e3 a6 11. Bd3 c5 12. dxc5 Bxc5 13. O-O Bb7 14. Ng5 Be7 15. Nce4 Nd7 16. Rfc1 h6 17. Nf3 O-O 18. a3 Rac8 19. Qd1 Rfd8 20. Rxc8 Rxc8 21. h3 Qc7 22. Qe2 Ne5 23. Nxe5 Qxe5 {Karpov,A (2626)-Morozevich,A (2675) Biel 2017 ½-½ (36)}) ({RR} 9. Bd2 b4 10. Nb1 Ba6 11. Na3 c5 12. Nc4 Bxc4 13. Qxc4 Nb6 14. Qc2 Rc8 15. dxc5 Bxc5 16. Qb1 O-O 17. e3 Be7 18. Be2 Nc4 19. O-O Nxd2 20. Nxd2 Rfd8 21. Rc1 Qd5 22. Rxc8 Rxc8 23. Nb3 Bd6 {Vltavsky,V (2101)-Golis,W (2301) Czech Republic CZE 2025 0-1 (42)}) 9... Ba6 $146 ({RR} 9... b4 10. Na4 c5 11. Bxf6 Nxf6 12. Nxc5 Bxc5 13. dxc5 Qxc5 14. Be2 O-O 15. O-O a5 16. Rac1 Qb6 17. Ne5 Bb7 18. Qa4 Rfd8 19. Rfd1 Rxd1+ 20. Rxd1 Qc7 21. Bf3 Bxf3 22. Nxf3 h6 23. h3 Rc8 24. Nd4 {Yudasin,L (2495)-Oll,L (2430) Kuibyshev 1986 ½-½}) ({RR} 9... a6 10. Be2 c5 11. O-O Bb7 12. a3 Be7 13. Rfd1 Rc8 14. Rac1 h6 15. Bh4 O-O 16. Qa2 cxd4 17. Nxd4 Qb6 18. Bf3 Ne5 19. Bxb7 Qxb7 20. a4 bxa4 21. Nxa4 Rxc1 22. Rxc1 Rc8 23. Rxc8+ Qxc8 24. Qb1 {Karpov,A (2623)-Ljubojevic,L (2571) Platja d'Aro 2018 1-0 (52)}) ({RR} 9... Be7 10. Bd3 b4 11. Qa4 Qxa4 12. Nxa4 Nb6 13. Bc2 Ba6 14. Ne5 Bb5 15. Nc5 h6 16. Bh4 O-O 17. a4 bxa3 18. bxa3 g5 19. Bg3 Bxc5 20. dxc5 Na4 21. h4 Rfd8 22. hxg5 hxg5 23. Nxc6 Nxc5 24. Nxd8 {Shipov,S (2460)-Kuczynski,R (2500) Katowice 1992 1-0}) 10. Bxf6 gxf6 11. Bd3 b4 12. Ne4 Rd8 13. Rc1 Bxd3 14. Qxd3 b3+ 15. Nfd2 bxa2 16. O-O f5 17. Nc3 Bg7 18. Ra1 O-O 19. Rxa2 Qc7 20. Nb3 c5 21. Qc4 Rc8 22. Nb5 Qb6 23. Nxa7 Rc7 24. Nb5 Rb7 25. Ra5 cxd4 26. exd4 Rbb8 27. Qa4 Rfd8 28. Rc1 Nf6 29. Nc5 Ne4 30. Qa3 Qc6 31. Na7 Qc7 32. b4 Qf4 33. Nxe4 fxe4 34. Nc6 Bxd4 35. Qg3+ Qxg3 36. hxg3 e3 37. Kf1 exf2 38. Nxd8 Rxd8 39. Rd1 Kg7 40. Re5 Kf6 41. Re2 Ke7 42. b5 f5 43. Rc2 Rd5 44. Rb1 Bb6 45. Rc6 Rd6 46. Rxd6 Kxd6 47. Ke2 Kd5 48. Rh1 Kc4 49. Rxh7 Kxb5 50. Re7 Bd4 51. Rxe6 Kc5 52. g4 fxg4 53. Rg6 Kd5 54. Rxg4 Ba7 55. Rg7 Bb6 56. Re7 1-0

[Event "Olympiad-28"]
[Site "Thessaloniki"]
[Date "1988.11.23"]
[Round "10"]
[White "Karpov, Anatoly"]
[Black "Ribli, Zoltan"]
[Result "1/2-1/2"]
[WhiteElo "2725"]
[BlackElo "2585"]
[PlyCount "77"]
[EventDate "1988.11.13"]
[EventType "team-swiss"]
[EventRounds "14"]
[EventCountry "GRE"]
[SourceTitle "TD"]
[Source "ChessBase"]
[SourceDate "1994.03.01"]
[SourceVersion "1"]
[SourceVersionDate "1994.03.01"]
[SourceQuality "1"]
[WhiteTeam "Soviet Union"]
[BlackTeam "Hungary"]
[WhiteTeamCountry "URS"]
[BlackTeamCountry "HUN"]

1. d4 d5 2. c4 c6 3. Nf3 Nf6 4. Nc3 e6 5. Bg5 dxc4 6. e4 b5 7. e5 h6 8. Bh4 g5 9. Nxg5 hxg5 10. Bxg5 Nbd7 11. exf6 Bb7 12. g3 c5 13. d5 Bh6 14. Bxh6 Rxh6 15. Qd2 Rxf6 16. Bg2 Ne5 ({RR} 16... Qb6 17. Ne4 Bxd5 18. Nxf6+ Nxf6 19. O-O O-O-O 20. Qf4 Bxg2 21. Kxg2 Qb7+ 22. Kg1 Nd5 23. Qe5 Qc6 24. Rad1 a5 25. h4 a4 26. Rfe1 Qc7 27. f4 Qxe5 28. Rxe5 Kc7 29. f5 Kd6 30. Re2 a3 31. bxa3 {Sarkar,J (2451)-Li,R (2212) Arlington 2013 1-0 (49)}) 17. O-O Nf3+ 18. Bxf3 Rxf3 19. Qe2 $146 ({RR} 19. Nxb5 Bxd5 20. Rfe1 Rb8 21. Nc7+ Kf8 22. Qh6+ Ke7 23. Qh5 Rd3 24. Nxd5+ Qxd5 25. Re5 Qd4 26. Rae1 Rd2 27. Rf5 Rf8 28. Rf4 Qd5 29. Qxd5 Rxd5 30. Rxc4 Rb8 31. Re2 Rb4 32. Rec2 Kd6 33. b3 a5 {Jussupow,A (2630)-Antunes,A (2425) Clichy 1993 1-0 (55)}) ({RR} 19. Nxb5 Bxd5 20. Rfe1 Rf5 21. Rad1 Qb6 22. Nc3 Bf3 23. Ne4 Ke7 24. Rb1 Rd8 25. Qh6 Rd4 26. Ng5 Bb7 27. Qg7 Rg4 28. Rxe6+ Qxe6 29. Nxe6 Rxg7 30. Nxg7 Re5 31. g4 Re2 32. Kf1 Rd2 33. Ke1 Rd3 {Ribli,Z (2577)-Eschbach,D (2435) Germany 2009 1-0 (63)}) 19... Bxd5 20. Rfd1 Rd3 21. Rxd3 cxd3 22. Qxd3 Bc6 23. Qe2 b4 24. Rd1 Qc7 25. Ne4 Rd8 26. Rc1 Bxe4 27. Qxe4 Rd5 28. h4 Qd6 29. Kg2 Kf8 30. Qe3 a5 31. b3 Re5 32. Qf3 Rf5 33. Qe2 Re5 34. Qc4 a4 35. bxa4 Qc6+ 36. Kh3 Qxa4 37. Qf4 Rd5 38. Rxc5 Rxc5 39. Qd6+ 1/2-1/2

[Event "Novokuznetsk-ch"]
[Site "Novokuznetsk"]
[Date "2015.05.02"]
[Round "2"]
[White "Karpov, Arkadiy"]
[Black "Morokov, Anatoliy"]
[Result "1-0"]
[WhiteElo "2040"]
[BlackElo "1693"]
[PlyCount "63"]
[EventDate "2015.05.01"]
[EventType "swiss"]
[EventRounds "9"]
[EventCountry "RUS"]
[SourceTitle "CBM 166 Extra"]
[Source "ChessBase"]
[SourceDate "2015.06.18"]
[SourceVersion "1"]
[SourceVersionDate "2015.06.18"]
[SourceQuality "1"]

1. d4 Nf6 2. Nf3 d5 3. c4 c6 4. e3 Nbd7 5. Nc3 e6 6. a3 Bd6 7. Be2 ({RR} 7. g4 h6 8. Rg1 dxc4 9. Bxc4 b5 10. Be2 b4 11. axb4 Bxb4 12. h4 c5 13. Kf1 Bb7 14. g5 hxg5 15. hxg5 Ne4 16. Nxe4 Bxe4 17. Bd2 Bxd2 18. Nxd2 Bg6 19. Nb3 cxd4 20. Nxd4 Nb6 21. Bb5+ Kf8 {Epishin,V (2559)-Kobalia,M (2639) Dresden 2007 ½-½}) 7... dxc4 ({RR} 7... a6 8. O-O O-O 9. Qc2 Re8 10. c5 Bc7 11. h3 h6 12. Rd1 e5 13. dxe5 Nxe5 14. b4 Be6 15. Nd4 Bd7 16. Bb2 Qc8 17. Bf1 b6 18. cxb6 Bxb6 19. Na4 Ba7 20. Nb3 Bb8 21. Nac5 Nc4 22. Bxf6 {Wirfs,J (1918)-Naumann,S (1481) Rottach-Egern GER 2025 1-0}) 8. Bxc4 b5 9. Be2 a5 $146 ({RR} 9... Bb7 10. Qc2 a6 11. Bd3 O-O 12. O-O Qe7 13. e4 e5 14. d5 Rac8 15. Qb1 Rfe8 16. Bg5 h6 17. Bh4 Qf8 18. Re1 g5 19. Nxg5 hxg5 20. Bxg5 Nh7 21. Bd2 f6 22. Be2 Qg7 23. Bh5 Re7 24. Re3 {Ross,M (1389)-Mahaffey,S (1640) San Diego 2005 1-0 (35)}) ({RR} 9... a6 10. O-O Bb7 11. b4 O-O 12. Bb2 Qe7 13. Qb3 e5 14. dxe5 Nxe5 15. Rfd1 Rac8 16. Nd4 Bb8 17. Nf5 Qc7 18. g3 c5 19. bxc5 Nf3+ 20. Bxf3 Bxf3 21. Rd2 Qxc5 22. Nd4 Ba8 23. Nce2 Qe7 24. Nf4 {Beckmann,F (1734)-Sparwel,O (1929) Germany 2019 0-1 (36)}) 10. O-O Bb7 11. e4 e5 12. Bg5 O-O 13. d5 cxd5 14. Bxb5 d4 15. Nd5 Bxd5 16. exd5 h6 17. Bh4 g5 18. Bg3 Ne4 19. Re1 Nxg3 20. hxg3 Re8 21. Qd3 Bf8 22. Qf5 Ra7 23. Re2 Bg7 24. Rae1 f6 25. Nxd4 Qb6 26. Bxd7 Re7 27. Be6+ Kh8 28. Nc6 Rxe6 29. Qxe6 Rc7 30. Qe8+ Kh7 31. Ne7 h5 32. Qxh5+ 1-0

[Event "Hoogovens"]
[Site "Wijk aan Zee"]
[Date "1993.01.??"]
[Round "5"]
[White "Karpov, Anatoly"]
[Black "Illescas Cordoba, Miguel"]
[Result "1-0"]
[WhiteElo "2725"]
[BlackElo "2615"]
[Annotator "Ftacnik,Lubomir"]
[PlyCount "121"]
[EventDate "1993.01.??"]
[EventType "k.o."]
[EventRounds "5"]
[EventCountry "NED"]
[SourceTitle "CBM 034"]
[Source "ChessBase"]
[SourceDate "1993.06.01"]
[SourceVersion "1"]
[SourceVersionDate "1993.06.01"]
[SourceQuality "1"]

1. d4 {Giese,Reinhard} d5 2. c4 c6 3. Nf3 Nf6 4. Nc3 e6 5. e3 Nbd7 6. Qc2 Bd6 7. Be2 O-O 8. O-O Re8 9. Rd1 Qe7 10. h3 h6 $146 (10... b6) 11. a3 a6 12. b3 (12. e4 dxe4 13. Nxe4 Nxe4 14. Qxe4 e5 15. dxe5 Nxe5 16. Nxe5 Qxe5 $15) 12... dxc4 13. bxc4 (13. Bxc4 b5 14. Bf1 e5 $10) 13... e5 14. Nh4 Nf8 15. Nf5 Bxf5 16. Qxf5 exd4 (16... e4 17. h4 $1 g6 18. Qh3 $14) 17. exd4 c5 18. Be3 cxd4 $146 (18... Ne6 19. dxc5 (19. d5 Nd4 20. Qd3 Qe5 21. g3 $14) 19... Bxc5 20. Nd5 Nxd5 21. cxd5 Bxe3 22. dxe6 fxe6 23. Bc4 $14) ({RR} 18... Ne6 19. dxc5 Bxc5 20. Nd5 Nxd5 21. cxd5 Ng5 22. Bxg5 hxg5 23. Bc4 Rad8 24. Rd2 g6 25. Qf3 b5 26. Bf1 Qd6 27. a4 Re5 28. axb5 axb5 29. Bxb5 Rf5 30. Qd3 Bxf2+ 31. Rxf2 Rxf2 32. Ra6 Qf4 33. Rxg6+ {Yakovich,Y (2560)-Kharlov,A (2555) Kazan 1995 CBM 051 [Giese,Reinhard] ½-½ (41)}) ({RR} 18... Ne6 19. dxc5 Bxc5 20. Bxc5 Nxc5 21. Bf3 g6 22. Qf4 Qe5 23. Qxe5 Rxe5 24. Rab1 Rb8 25. Rb6 Re6 26. Rdb1 Rxb6 27. Rxb6 Kg7 28. Nd5 Nfd7 29. Rb1 Ne5 30. Be2 Nc6 31. Nb4 Nd4 32. Bf1 Rd8 33. Nd5 {Salinnikov,D (2370)-Kharlov,A (2560) Minsk 1998 ½-½ (67)}) 19. Bxd4 Be5 20. Bxe5 (20. Bf3 Bxd4 21. Rxd4 Ne6 22. Rd2 Nc5 $14) 20... Qxe5 21. Qxe5 Rxe5 22. Rab1 $1 Rb8 (22... b5 23. cxb5 Rc8 (23... axb5 24. Rxb5 $1 $16) 24. Rd3 axb5 (24... Rxc3 $6 25. Rxc3 Rxe2 26. bxa6 Re8 27. a7 $18) 25. Rxb5 $16) 23. Bf3 Rc5 (23... b5 24. cxb5 axb5 25. Be2 $1 $16) (23... Rc8 24. Rxb7 Rxc4 25. Nd5 $16) (23... b6 $5) 24. Bxb7 $1 Ne6 (24... Rxc4 25. Bxa6 Rxb1 26. Bxc4 $16) 25. Nd5 $1 (25. Bxa6 Rxb1 26. Rxb1 Ra5 $14) 25... a5 (25... Rxc4 26. Bxa6 Rxb1 27. Rxb1 Ra4 $140 $2 28. Rb8+ Kh7 29. Bd3+ $18) 26. Ne3 g6 27. g3 Rc7 28. Bg2 Rxb1 29. Rxb1 Nd4 $6 (29... Nd7 30. Rb5 Ra7 $16) 30. Rb6 Nd7 (30... Kg7 31. Rxf6 Kxf6 32. Nd5+ $18) 31. Rd6 Ne2+ (31... Ne6 32. Nd5 Ra7 33. Rxd7 $18) 32. Kf1 Nc3 33. Ra6 a4 34. Bc6 Ne5 (34... Nb8 35. Ra8 Rxc6 36. Rxb8+ Kg7 37. Rb4) 35. Nd5 Rxc6 (35... Nxd5 36. cxd5 Nxc6 37. dxc6 Kf8 38. Ke2 Ke7 39. Kd3 Kd6 40. Kc4 $18) 36. Ne7+ Kg7 37. Nxc6 Nxc4 38. Ra7 (38. Nd4 $142 Nxa3 39. Ne2 $18) 38... Nxa3 39. Nd4 Kf6 40. f4 $6 (40. Ne2 $18) 40... h5 41. Kf2 Nc4 42. Rc7 Nd2 43. Kg2 Nd5 44. Ra7 Nc3 45. Ra6+ Kg7 $1 (45... Ke7 46. f5 $18) 46. Nf3 Nc4 47. Ne5 Ne3+ 48. Kf3 Nc2 49. Nc4 Kf8 50. Ra7 Kg7 51. Ra6 Kf8 52. g4 hxg4+ 53. Kxg4 Kg7 54. f5 Kh6 $2 (54... gxf5+ 55. Kxf5 $16) 55. f6 Nb4 56. Ra8 Kh7 57. Rf8 Nbd5 58. Rxf7+ Kh6 59. Rf8 Kh7 60. Rf7+ Kg8 61. Ne5 1-0

[Event "RUS-ch (Women) 1st League 57th"]
[Site "Obninsk"]
[Date "2007.02.25"]
[Round "2"]
[White "Melnik, Galina Ivanovna"]
[Black "Karpova, Anna"]
[Result "1/2-1/2"]
[WhiteElo "2074"]
[BlackElo "1866"]
[PlyCount "47"]
[EventDate "2007.02.24"]
[EventType "swiss"]
[EventRounds "9"]
[EventCountry "RUS"]
[SourceTitle "EXT 2010"]
[Source "ChessBase"]
[SourceDate "2010.11.25"]
[SourceVersion "1"]
[SourceVersionDate "2010.11.25"]
[SourceQuality "1"]

1. d4 d5 2. Nf3 c6 3. c4 Nf6 4. Nc3 e6 5. e3 Nbd7 6. cxd5 exd5 7. Bd3 Bd6 8. O-O O-O 9. Qc2 Re8 10. a3 a5 ({RR} 10... Qe7 11. Nd2 c5 12. b3 a6 13. Bb2 cxd4 14. exd4 Nf8 15. Nf3 Bg4 16. Rfe1 Qc7 17. Ne5 Rac8 18. Nxg4 Nxg4 19. h3 Nf6 20. Bf5 Rcd8 21. Na4 Qb8 22. Rxe8 Rxe8 23. Nc5 a5 24. Qd1 b6 25. Nd3 {Dolezal,R (2420)-Simacek,P (2500) Ostrava 2007 ½-½ (80)}) 11. Bd2 Qe7 ({RR} 11... Nf8 12. e4 dxe4 13. Nxe4 Nxe4 14. Bxe4 h6 15. Rfe1 Be6 16. a4 Bc7 17. Bc3 Bd5 18. Rad1 Bxe4 19. Rxe4 Qd5 20. Rde1 Rxe4 21. Qxe4 Qxe4 22. Rxe4 Ne6 23. g3 Rd8 24. h4 Rd5 25. Kg2 Kf8 26. Kf1 {Jensen,T (1919)-Astengo,C (2006) Arco 2025 ½-½ (31)}) 12. Rfc1 Ne4 13. Ne2 $146 ({RR} 13. Rab1 Ndf6 14. Be1 Bg4 15. Nd2 Ng5 16. Nf1 g6 17. Na4 Nh5 18. b4 axb4 19. axb4 Rac8 20. Nb6 Rb8 21. Qb3 f5 22. f4 Nxf4 23. exf4 Bxf4 24. Bf2 Nf3+ 25. gxf3 Bxf3 26. Re1 Qg5+ 27. Bg3 Re3 {Candura,S (2039)-Grillo,F (2037) Milan 2005 1-0 (53)}) ({RR} 13. g3 Ndf6 14. Bf1 Bg4 15. Bg2 h6 16. Be1 Bf5 17. Qd1 Qe6 18. Nxe4 dxe4 19. Nd2 Bh3 20. Bh1 Qf5 21. Nc4 Bc7 22. Nd2 Re7 23. Rc5 Qg6 24. Qe2 h5 25. Rac1 Bd6 26. R5c2 h4 27. Bg2 Bg4 {Stojanovic,V-Djordjijevic,S (2118) Belgrade 2006 0-1 (66)}) 13... Ndf6 14. Ng3 Bg4 15. Be1 Bxf3 16. gxf3 Ng5 17. Qd1 g6 18. Bf1 h5 19. f4 Nge4 20. Bg2 Ng4 21. Nf1 Nh6 22. f3 Nf6 23. Bh3 Kh7 24. Bh4 1/2-1/2

[Event "Novosibirsk Sibiria-A"]
[Site "Novosibirsk"]
[Date "2007.07.22"]
[Round "3"]
[White "Verzhansky, Alexander"]
[Black "Karpov, Alexander"]
[Result "1-0"]
[WhiteElo "2361"]
[BlackElo "2304"]
[PlyCount "79"]
[EventDate "2007.07.20"]
[EventType "tourn"]
[EventRounds "11"]
[EventCountry "RUS"]
[EventCategory "4"]
[SourceTitle "CBM 119 Extra"]
[Source "ChessBase"]
[SourceDate "2007.09.04"]
[SourceVersion "1"]
[SourceVersionDate "2007.09.04"]
[SourceQuality "1"]

1. d4 d5 2. c4 e6 3. Nc3 Nf6 4. Nf3 c6 5. e3 Nbd7 6. Qc2 Bd6 7. b3 O-O 8. Be2 b6 9. O-O Bb7 10. Bb2 Qe7 11. Rad1 Rac8 12. e4 dxe4 13. Nxe4 Nxe4 14. Qxe4 Nf6 15. Qh4 c5 16. Rfe1 Ne4 ({RR} 16... Bxf3 17. Bxf3 cxd4 18. Qxd4 Rfd8 19. Qe3 h6 20. Qe2 Bb4 21. Rxd8+ Rxd8 22. Rd1 Rxd1+ 23. Qxd1 e5 24. g3 e4 25. Bxf6 Qxf6 26. Bxe4 Bc5 27. Qe2 g6 28. Kg2 Kg7 29. Bd5 h5 30. Qf3 {½-½ (30) So,W (2815)-Giri,A (2785) Chess.com INT 2017}) 17. Qxe7 Bxe7 18. Bd3 f5 $146 ({RR} 18... Nf6 19. d5 Rfe8 20. dxe6 Bxf3 21. gxf3 fxe6 22. Rxe6 Kf7 23. Rde1 g6 24. Bf1 Nh5 25. Bh3 Bf8 26. Rxe8 Rxe8 27. Rxe8 Kxe8 28. Be5 Kd8 29. Be6 Ke7 30. Bg4 Nf6 31. Bb8 Kd8 32. Kg2 a6 33. Be6 {Novotny,M (1847)-Ocko,D (1806) Kouty nad Desnou 2017 ½-½ (51)}) 19. Nd2 Nxd2 20. Rxd2 cxd4 21. Rxe6 Bb4 22. Rde2 Rcd8 23. a3 Bc3 24. f3 Bc8 25. Re7 Rf7 26. Bc1 h6 27. Bf4 g5 28. Bb8 f4 29. Rxf7 Kxf7 30. Bxa7 Be6 31. Bxb6 Rb8 32. Rxe6 Kxe6 33. c5 Ke7 34. Kf2 Ra8 35. a4 Ba5 36. Be4 Bxb6 37. cxb6 Rd8 38. Ke2 Kd6 39. b4 Ke5 40. a5 1-0

[Event "Dortmund SuperGM 23rd"]
[Site "Dortmund"]
[Date "1995.07.23"]
[Round "9"]
[White "Karpov, Anatoly"]
[Black "Lautier, Joel"]
[Result "1-0"]
[WhiteElo "2770"]
[BlackElo "2645"]
[Annotator "Baburin,Alexander"]
[PlyCount "87"]
[EventDate "1995.07.14"]
[EventType "tourn"]
[EventRounds "9"]
[EventCountry "GER"]
[EventCategory "17"]
[SourceTitle "CBM 048"]
[Source "ChessBase"]
[SourceDate "1995.10.01"]
[SourceVersion "1"]
[SourceVersionDate "1995.10.01"]
[SourceQuality "1"]

1. d4 d5 2. c4 c6 3. Nc3 Nf6 4. e3 e6 5. Nf3 Nbd7 6. Qc2 Bd6 7. Be2 O-O 8. O-O Re8 9. Rd1 Qe7 10. h3 h6 11. a3 dxc4 12. Bxc4 e5 13. Nh4 Nf8 14. dxe5 ({RR} 14. Nf5 Bxf5 15. Qxf5 e4 16. h4 Qd7 17. Qxd7 N8xd7 18. b4 b5 19. Bf1 Nb6 20. d5 Be5 21. Bb2 Nfxd5 22. Nxd5 Bxb2 23. Nxb6 axb6 24. Ra2 Bf6 25. Rc1 Re6 26. Rac2 Rxa3 27. Rxc6 Rxc6 28. Rxc6 Bc3 {Rodon,G (2047)-Ouakhir,P (2277) Chartres 2017 ½-½}) 14... Bxe5 15. Bd2 $146 ({RR} 15. Nf3 Bc7 16. b4 N6h7 17. Bf1 {½-½ (17) Bareev,E (2550)-Shabalov,A (2430) Nabereznye Chelny 1988}) ({RR} 15. Nf3 Bxc3 16. Qxc3 Ne4 17. Qc2 Bf5 18. b4 Nd6 19. Bd3 Bxd3 20. Qxd3 Rad8 21. Bb2 Qe4 22. Qxe4 Nxe4 23. Nd4 Nd6 24. Rac1 f6 25. Nb3 Re7 26. Bd4 Nb5 27. Bb2 Rxd1+ 28. Rxd1 Rd7 29. Rxd7 Nxd7 {Van Wely,L (2605)-Pinter,J (2590) France 1998 ½-½ (37)}) ({RR} 15. Nf3 Bxc3 16. Qxc3 Ne4 17. Qc2 Bf5 18. Nd4 Bg6 19. f3 c5 20. Nb5 a6 21. Nc3 Nd6 22. Nd5 Bxc2 23. Nxe7+ Rxe7 24. Rxd6 Rd7 25. Rxd7 Nxd7 26. e4 Nf6 27. e5 b5 28. exf6 bxc4 29. fxg7 Kxg7 {Mikhalchishin,A (2515)-Sveshnikov,E (2570) Ljubljana 1997 ½-½ (31)}) 15... Bc7 16. Nf5 Qe5 17. Ng3 Be6 18. Bd3 Rad8 19. Nce2 Bb6 20. b4 {White advances the pawn in order to create weaknesses in the Black pawn structure on the side. The so called Minority Attack is a common positional idea and characteristic for various openings.} Ng6 21. a4 a6 22. Bc3 Qg5 23. Bd4 Bxd4 24. Nxd4 Bd5 25. e4 Be6 26. Nf3 Qf4 27. b5 axb5 28. axb5 Ne5 29. Nxe5 Qxe5 30. bxc6 bxc6 31. Rac1 Rd6 {White has succeeded and the c6 is extremely weak.} 32. Qc3 Nd7 33. Be2 Rxd1+ 34. Bxd1 Qxc3 35. Rxc3 Rc8 36. f4 f6 37. Ne2 c5 38. Nd4 Bf7 39. Bg4 Re8 40. Nb5 Nb6 41. Nd6 Na4 42. Ra3 Ra8 43. e5 Bd5 44. e6 1-0